000 00928nam a22002177a 4500
003 OSt
005 20250911165556.0
008 240222b ||||| |||| 00| 0 eng d
040 _c0
082 _aDPer 621.317 Ie21 May 2022 v. 37 n. 5
100 _aWang, Wenjie.
_eauthor.
_953080
245 _aAnalysis and compensation of sampling-delay error in single current sensor method for PMSM drives /
_cWenjie Wang, Hao Yan, Xuejiao Wang, Yongxiang Xu, and Jibin Zou.
260 _aNew York ;
_bThe Institute of Electrical and Electronics Engineers, Inc. ,
_cMay 2022.
300 _aVolume 37, pages 5918-5927 :
_billustration ;
_c28 cm.
500 _aIEEE Transactions on Power Electronics, vol. 37, no. 5, pages 5918-5927, May 2022.
700 _aWang, Wenjie.
_eauthor.
_953080
700 _aYan, Hao.
_eauthor.
_953081
700 _aXu, Yongxiang.
_eauthor.
_953082
700 _aZou, Jibin.
_eauthor.
_953083
942 _2ddc
_cPER
999 _c19300
_d19300